Music Quiz

Random Music or Rock Quiz
Score 0/50 Timer 09:00
2 Plays Today
% Correct
Nirvana
90.7%
Backstreet Boys
89.9%
R.E.M.
87.4%
Shania Twain
86.1%
Will Smith
86%
Madonna
85.5%
Oasis
84.8%
Aerosmith
84.7%
Alanis Morissette
83.3%
No Doubt
83.1%
Metallica
81.4%
Seal
80.1%
Red Hot Chili Peppers
79%
Eric Clapton
78.2%
R. Kelly
77%
The Cranberries
76.6%
TLC
75.7%
Smash Mouth
75.2%
Green Day
75.1%
Weezer
74.2%
Radiohead
73.9%
Guns N' Roses
73.5%
Pearl Jam
69%
Soundgarden
68%
Beck
67.5%
% Correct
The Offspring
67.3%
Céline Dion
66.9%
Beastie Boys
66.5%
Mariah Carey
65.2%
The Notorious B.I.G.
63.1%
Boyz II Men
62.4%
The Smashing Pumpkins
60.5%
Blur
58.1%
2Pac
58.1%
Lenny Kravitz
56.6%
Destiny's Child
56.5%
Dave Matthews Band
55.5%
Sublime
53.1%
Dr. Dre
53.1%
U2
52.8%
Matchbox Twenty
52.7%
Garbage
52.5%
Alice in Chains
49.6%
Color Me Badd
48.3%
Janet Jackson
47.2%
Wu Tang Clan
45.6%
Usher
40.5%
Tool
37.4%
Monica
34.5%
Nas
22.9%
Remove Ads.
Support Sporcle.
Get the best of Sporcle when you Go Orange. This ad-free experience offers more features, more stats, and more fun while also helping to support Sporcle. Thank you for becoming a member.

You're not logged in!

Compare scores with friends on all Sporcle quizzes.
OR
Log In

Show Comments

Extras

Top Quizzes Today


Score Distribution

Your Account Isn't Verified!

In order to create a playlist on Sporcle, you need to verify the email address you used during registration. Go to your Sporcle Settings to finish the process.

Report this User

Report this user for behavior that violates our Community Guidelines.

Details: